| 000 | 00747cam a22002533a 4500 | ||
|---|---|---|---|
| 001 | 22718 | ||
| 003 | PGUSA | ||
| 005 | 20140828083502.0 | ||
| 008 | 070922s2007||||xxu|||||s|||||000 | eng d | ||
| 040 |
_aPGUSA _beng |
||
| 042 | _adc | ||
| 050 | 4 | _aDC | |
| 100 | 1 | _aRose, Elise Whitlock | |
| 245 | 1 | 0 |
_aCathedrals and Cloisters of the South of France, Volume 1 _h[electronic resource] / _cElise Whitlock Rose |
| 260 |
_bProject Gutenberg, _c2007 |
||
| 506 | _aPublic domain in the USA. | ||
| 516 | _aElectronic text | ||
| 653 | _aFrance -- Description and travel | ||
| 653 | _aCathedrals -- France | ||
| 700 | 1 | _aFrances, Vida Hunt | |
| 830 | 0 |
_aProject Gutenberg _v22718 |
|
| 856 | 4 | 0 | _uhttp://www.gutenberg.org/ebooks/22718 |
| 942 | _cEB | ||
| 999 |
_c251973 _d251973 |
||